| 000 | 00523nam a2200169Ia 4500 | ||
|---|---|---|---|
| 003 | SGT | ||
| 020 | _a9788131721414 | ||
| 082 |
_a624.171 _bHIB |
||
| 100 | _aHibbeler, R. C. | ||
| 245 | _aStructural analysis | ||
| 250 | _a6th Ed. | ||
| 260 |
_bPearson _aN.Delhi _c2006 |
||
| 300 | _a640p. | ||
| 650 | _aELECTRICAL | ||
| 653 | _aTYPES OF STRUCTURES AND LOADS,ANALYSIS OF STATICALLY DETERMINATE STRUCTURES,ANALYSIS OF STATICALLY DETERMINATE TRUSSES,INTERNAL LOADING'S DEVELOPED IN STRUCTURAL MEMBERS | ||
| 942 |
_2ddc _cBK _02 |
||
| 999 |
_c5222 _d5222 |
||